000 00364nam a2200145Ia 4500
005 20240530005611.0
008 240331s9999 xx 000 0 und d
082 _bTOW
_a335
245 0 _aTowards a socialist Sri Lanka
260 _aColombo
_bCentre for society and religion
_c1977
300 _a39 p .,
650 _aPolitical
650 _asocialisum
942 _cL
999 _c2298
_d2298